| 000 | 00837nam a2200217 i 4500 | ||
|---|---|---|---|
| 001 | 137043 | ||
| 003 | ES-MaACL | ||
| 005 | 20251005063115.0 | ||
| 007 | t| | ||
| 008 | 070214s1919 sp |||| | spa d | ||
| 100 | 1 |
_aSainte-Beuve, Charles-Augustin, _d1804-1869 _9162958 |
|
| 245 | 1 | 4 |
_aLos cantores de la naturaleza _b: Teócrito, Virgilio, La Fontaine, Mathurin, Regnier y Andrés Chénier, Delille, Millevoye / _cCharles-Augustin Sainte-Beuve ; versión de María Enriqueta. |
| 260 |
_aMadrid : _bEd. América, _c1919. |
||
| 300 |
_a267 p. ; _c17 cm. |
||
| 490 | 1 | _aBiblioteca de autores célebres | |
| 650 | 4 |
_aNaturaleza- _vEn la literatura. _9160836 |
|
| 700 | 1 |
_aMaría Enriqueta, _d1872-1968 _934015 |
|
| 830 | 0 |
_aBiblioteca de autores célebres _9184044 |
|
| 852 |
_aES-MaACL _jC-26508 |
||
| 999 |
_c137043 _d137043 |
||